000 01207nam a22003857a 4500
001 BR8105301
003 BR-BrBNA
005 20230928091034.0
007 ta
008 230509b bl.||||| |||| 00| 0 por d
040 _aBR-BrBNA
_bpor
_cBiblioteca Nacional de Agricultura
041 _a(Por)
072 _aF00; F25; L00
_b0100
_b1100
_b1400
_b1800
_b1900
_b5212
_b/G514
_b/GZ12
090 _ 0100 BR8105301
110 1 _aEmpresa Pernambucana de Pesquisa Agropecuaria, Recife, PE (Brasil)
_94262
245 1 _aAtuacao do IPA no ambito do POLONORDESTE [Empresa Pernambucana de Pesquisa Agropecuaria; Programa de Desenvolvimento de Areas Integradas do Nordeste, Brasil]
260 3 _aRecife, PE (Brasil):
_c1981.
300 _av. 1-3
650 _aCEREAL
650 _aFRUTA TROPICAL
650 _aLEGUMINOSA COM GRAO
650 _aPASTAGEM
650 _aBOVINO
650 _aNUTRICAO ANIMAL
650 _aFERTILIZANTE
650 _aADUBACAO
650 _aPRATICA CULTURAL
650 _aDEFESA VEGETAL
650 _aVARIEDADE RESISTENTE
650 _aMELHORAMENTO VEGETAL
650 _aZONA SEMI-ARIDA
650 _aPERNAMBUCO
909 _a202309
_bLucia
_c55
_dLucia Elande
942 _cBK
999 _c31896
_d31896